| 000 | 00777nas a2200265 4500 | ||
|---|---|---|---|
| 001 | BR9705269 | ||
| 003 | BR-BrBNA | ||
| 005 | 20231205100625.0 | ||
| 007 | ta | ||
| 008 | 230509b bl.|||p| |||| 00| 00por d | ||
| 040 |
_aBR-BrBNA _bpor _cBiblioteca Nacional de Agricultura |
||
| 041 | _a(Pt) | ||
| 072 | _aH20 | ||
| 100 | 1 | _aMello, S.C.M. de | |
| 100 | 1 | _aTakatsu, A. | |
| 100 | 1 | _aLopes, C.A. | |
| 245 | 1 | _aEscala diagramatica para avaliacao da mancha-bacteriana do tomateiro | |
| 650 | _aTomate | ||
| 650 | _aMancha Bacteriana | ||
| 650 | _aFolha | ||
| 650 | _aVariedade Resistente | ||
| 773 | 0 |
_tFitopatologia Brasileira (Brazil) _xISSN 0100-4158 _g(Sep 1997), v. 22(3) p. 447-448 _wBR9705269 |
|
| 909 |
_a202311 _bLúcia _c55 _dLúcia Elande |
||
| 942 |
_2AGRIS _n0 _cANA |
||
| 999 |
_c157069 _d157069 |
||